000 00817nam a2200241 a 4500
999 _c11968
_d11968
001 11968
003 BD-JhCC
005 20210228121529.0
008 210228b20072018bg |||| ||a| 001 0 mul d
020 _a98484850909
035 _a(BD-JhCC)11968
040 _aBD-JhCC
_dBD-JhCC
041 _aeng
082 _a001.642
_bARE 2018
100 _aআরেফিন, আহমেদ শামসুল
245 _aসফটওয়্যার ডেভেলপমেন্ট ইন
_cআরেফিন, আহমেদ শামসুল
260 _aঢাকা:
_bজ্ঞানকোষ প্রকাশনী
_c২০১৮.
300 _a320
_c24 cm.
650 _a Computer software -- Development.
650 _aProgrammation (Informatique) Logiciels.
942 _2ddc
_cBK